<?xml version="1.0" encoding="UTF-8"?>
<collection xmlns:xsi="http://www.w3.org/2001/XMLSchema-instance" xsi:schemaLocation="http://www.loc.gov/MARC21/slim http://www.loc.gov/standards/marcxml/schema/MARC21slim.xsd" xmlns="http://www.loc.gov/MARC21/slim">
 <record>
  <leader>00000caa a22000003i 4500</leader>
  <controlfield tag="001">UP-1685594773862409318</controlfield>
  <controlfield tag="003">Buklod</controlfield>
  <controlfield tag="005">20210603165300.0</controlfield>
  <controlfield tag="006">m     |  |        </controlfield>
  <controlfield tag="007">ta</controlfield>
  <controlfield tag="008">210603s2020    xx      r    |||| u|eng d</controlfield>
  <datafield tag="035" ind1=" " ind2=" ">
   <subfield code="a">(iLib)UPBAG-00040676652</subfield>
  </datafield>
  <datafield tag="040" ind1=" " ind2=" ">
   <subfield code="d">BAG</subfield>
   <subfield code="e">rda</subfield>
  </datafield>
  <datafield tag="041" ind1="0" ind2=" ">
   <subfield code="a">eng</subfield>
  </datafield>
  <datafield tag="090" ind1=" " ind2="0">
   <subfield code="a">ARTICLE-3518</subfield>
  </datafield>
  <datafield tag="100" ind1="1" ind2=" ">
   <subfield code="a">Aban, Jomar L.</subfield>
   <subfield code="e">author.</subfield>
  </datafield>
  <datafield tag="245" ind1="1" ind2="0">
   <subfield code="a">In vitro growth-promoting properties of non-dominant root symbiotic fungi (ND-RSF) from Drynaria quercifolia L. and their effects on PSB Rc10 rice (Oryza sativa L.)</subfield>
   <subfield code="c">by Jomar L. Aban.</subfield>
  </datafield>
  <datafield tag="264" ind1=" " ind2="1">
   <subfield code="c">2020.</subfield>
  </datafield>
  <datafield tag="300" ind1=" " ind2=" ">
   <subfield code="a">pages 667-678</subfield>
   <subfield code="b">illustrations</subfield>
   <subfield code="c">26 cm</subfield>
  </datafield>
  <datafield tag="336" ind1=" " ind2=" ">
   <subfield code="a">text</subfield>
   <subfield code="2">rdacontent</subfield>
  </datafield>
  <datafield tag="337" ind1=" " ind2=" ">
   <subfield code="a">unmediated</subfield>
   <subfield code="2">rdamedia</subfield>
  </datafield>
  <datafield tag="338" ind1=" " ind2=" ">
   <subfield code="a">volume</subfield>
   <subfield code="2">rdacarrier</subfield>
  </datafield>
  <datafield tag="504" ind1=" " ind2=" ">
   <subfield code="a">Includes bibliographical references (pages 675-678)</subfield>
  </datafield>
  <datafield tag="520" ind1=" " ind2=" ">
   <subfield code="a">The use of microorganisms as an environmentally safe method for agricultural crop production and biocontrol has increased in recent years but is still considerably underexploited. This study explored the potential growth-promoting properties of non-dominant root symbiotic fungal (ND-RSF) isolates from Drynaria quercifolia L. and their effects on rice. The five molecularly identified ND-RSF isolates induced indole-3-acetic acid (IAA) production spectrophotometrically at 530 nm. The Trichoderma scalesiae isolate produced the highest IAA per unit volume of culture broth and the highest IAA per unit of dry weight. All five ND-RSF isolates have phosphate solubilization activity. Three ND-RSF isolates significantly increased the total length of paclobutrazol, a gibberellic acid (GA) inhibitor, treated rice plants. The fresh weight of rice inoculated with Aspergillus brunneoviolaceus is significantly heavier than the negative broth and water control. The dry weight of rice inoculated with Aspergillus aculeatus, Aspergillus japonicus, and Aspergillus brunneoviolaceus are significantly higher compared to the positive controls (20 PPM GA, 20 PPM IAA, and non-paclobutrazol treated rice seedlings). The results indicate the ability of these three Aspergillus isolates to synthesize the GA hormone. The ability of these ND-RSF isolates to produce growth-promoting hormones auxin and GA, plus their ability to solubilize inorganic phosphate are evidence to their potential growth-promoting abilities toward their host plant. This present study also implies that these ND-RSF can be growth-promoting mutualists to rice.</subfield>
  </datafield>
  <datafield tag="650" ind1="0" ind2="4">
   <subfield code="a">Auxin.</subfield>
  </datafield>
  <datafield tag="650" ind1="0" ind2="4">
   <subfield code="a">Drynaria quercifolia.</subfield>
  </datafield>
  <datafield tag="650" ind1="0" ind2="4">
   <subfield code="a">Growth-promoting properties.</subfield>
  </datafield>
  <datafield tag="650" ind1="0" ind2="4">
   <subfield code="a">Rice production.</subfield>
  </datafield>
  <datafield tag="650" ind1="0" ind2="4">
   <subfield code="a">Root symbiotic fungi.</subfield>
  </datafield>
  <datafield tag="773" ind1="0" ind2=" ">
   <subfield code="a">The Philippine Journal of Science</subfield>
   <subfield code="g">Vol. 149, no. 3, September 2020.</subfield>
  </datafield>
  <datafield tag="856" ind1="4" ind2="0">
   <subfield code="a">Request full-text access via UPB University Library through</subfield>
   <subfield code="u">https://forms.gle/KZjBv7aRtY6jiL5E9</subfield>
  </datafield>
  <datafield tag="856" ind1="4" ind2="0">
   <subfield code="z">(viewed 03 June 2021)</subfield>
  </datafield>
  <datafield tag="905" ind1=" " ind2=" ">
   <subfield code="a">FI</subfield>
  </datafield>
  <datafield tag="852" ind1="0" ind2=" ">
   <subfield code="a">UPBAG</subfield>
   <subfield code="b">UPBAG-MAIN</subfield>
   <subfield code="h">ARTICLE-3518</subfield>
  </datafield>
  <datafield tag="942" ind1=" " ind2=" ">
   <subfield code="a">Analytics</subfield>
  </datafield>
 </record>
</collection>
